[Event "CZE-chT2c 0607"]
[Site "Czech Republic"]
[Date "2007.03.11"]
[Round "9.7"]
[White "Cervinka, Michal"]
[Black "Postupa, Pavel"]
[Result "1/2-1/2"]
[WhiteElo "2222"]
[BlackElo "2089"]
[PlyCount "116"]
[EventDate "2006.10.15"]
[EventType "team"]
[EventRounds "11"]
[EventCountry "CZE"]
[SourceTitle "EXT 2008"]
[Source "ChessBase"]
[SourceDate "2007.11.25"]
[SourceVersion "1"]
[SourceVersionDate "2007.11.25"]
[SourceQuality "1"]
[WhiteTeam "Rychnov nad Kneznou"]
[BlackTeam "Lysa nad Labem"]
[WhiteTeamCountry "CZE"]
[BlackTeamCountry "CZE"]

1. Nf3 Nf6 2. g3 g6 3. Bg2 Bg7 4. 0-0 0-0 5. c4 d5 6. d4 dxc4 7. Qa4 Nfd7 8. Qxc4 Nb6 9. Qd3 Nc6 10. Rd1 Bf5 11. e4 Bg4 12. Be3 Qc8 13. Nc3 Rd8 14. Ne2 Bxf3 15. Bxf3 Ne5 16. Qc2 Nxf3+ 17. Kg2 Nxd4 18. Nxd4 c6 19. Rac1 Nd7 20. Nf3 Nf8 21. Qb3 Rxd1 22. Rxd1 Ne6 23. Nd4 Bxd4 24. Bxd4 c5 25. Bc3 Qc6 26. f3 Rd8 27. Rd5 c4 28. Qa3 Rd7 29. Rxd7 Qxd7 30. Qxa7 f6 31. a4 Ng5 32. g4 Qd1 33. Qe3 Qxa4 34. e5 Qc6 35. exf6 exf6 36. Qf4 Nf7 37. Bxf6 Qd6 38. Kg3 b5 39. Qxd6 Nxd6 40. Be7 Ne8 41. Kf4 Kf7 42. Bb4 Ke6 43. Ke4 Nc7 44. Kd4 Na6 45. Bd2 Kd6 46. Bh6 Ke6 47. Bf8 Kf7 48. Bd6 Ke6 49. Bc5 Nb8 50. Bb4 Nc6+ 51. Kc5 Ne5 52. Kxb5 Kd5 53. Bc3 Nxf3 54. h3 Ng1 55. h4 h5 56. gxh5 gxh5 57. Kb4 Nf3 58. Bf6 Ke6 1/2-1/2

[Event "IECG CP.2005.P.00086"]
[Site "IECG email"]
[Date "2005.10.01"]
[Round "?"]
[White "Cervinka, Michal"]
[Black "Bubnov, Vladimir Semenovich"]
[Result "1/2-1/2"]
[WhiteElo "1936"]
[BlackElo "2269"]
[PlyCount "101"]
[EventDate "2005.10.01"]
[EventType "tourn (corr)"]
[EventRounds "6"]
[SourceTitle "Corr 2008"]
[Source "ChessBase"]
[SourceDate "2008.06.24"]
[SourceVersion "1"]
[SourceVersionDate "2008.06.24"]
[SourceQuality "1"]

1. Nf3 d5 2. c4 d4 3. e3 Nc6 4. exd4 Nxd4 5. Nxd4 Qxd4 6. Nc3 c6 7. d3 Nh6 8. Be2 Nf5 9. 0-0 e5 10. g4 Nh4 11. Be3 Qd6 12. f4 exf4 13. Ne4 Qe5 14. Rxf4 Ng6 15. Rf2 Be7 16. Qd2 0-0 17. g5 Be6 18. Qc3 Rfd8 19. Rd1 Rd7 20. a4 b6 21. Qxe5 Nxe5 22. Bf4 Ng6 23. Bg3 Rad8 24. b3 Bh3 25. Rc1 Ba3 26. Re1 Re7 27. Kh1 Bb4 28. Rd1 Ne5 29. Bxe5 Rxe5 30. Bf3 c5 31. Kg1 Kf8 32. Re2 a6 33. Kf2 Bc8 34. h4 Rd4 35. Re3 Bb7 36. Ke2 Bc6 37. Rf1 Bd7 38. h5 Bc8 39. Rg1 Rd8 40. Bg4 Bb7 41. g6 hxg6 42. hxg6 fxg6 43. Bf3 Re6 44. Bg4 Ree8 45. Bf3 Ba3 46. Bh1 g5 47. a5 Bb2 48. Rf1+ Kg8 49. Nxg5 Bd4 50. Rxe8+ Rxe8+ 51. Be4 1/2-1/2

[Event "IECG CP.2005.P.00086"]
[Site "IECG email"]
[Date "2005.10.01"]
[Round "?"]
[White "Kiryushin, Anatoly"]
[Black "Cervinka, Michal"]
[Result "1/2-1/2"]
[WhiteElo "800"]
[BlackElo "1936"]
[PlyCount "77"]
[EventDate "2005.10.01"]
[EventType "tourn (corr)"]
[EventRounds "6"]
[SourceTitle "Corr 2008"]
[Source "ChessBase"]
[SourceDate "2008.06.24"]
[SourceVersion "1"]
[SourceVersionDate "2008.06.24"]
[SourceQuality "1"]

1. e4 d6 2. d4 Nf6 3. Nc3 g6 4. f4 Bg7 5. Nf3 0-0 6. Bd3 Na6 7. e5 Nd7 8. 0-0 c5 9. Be3 cxd4 10. Bxd4 dxe5 11. fxe5 Nxe5 12. Bxe5 Bxe5 13. Nxe5 Qd4+ 14. Kh1 Qxe5 15. Re1 Qg5 16. Qe2 Nc5 17. Qxe7 Qxe7 18. Rxe7 Be6 19. Ne4 Nxd3 20. cxd3 Rfd8 21. Rxb7 Rxd3 22. Kg1 a5 23. Nc5 Rdd8 24. Nxe6 fxe6 25. Re1 Rab8 26. Rxb8 Rxb8 27. b3 Kf7 28. Kf2 Rc8 29. Re5 Rc2+ 30. Re2 Rc5 31. Ke3 Kf6 32. Kd4 Rc1 33. Kd3 e5 34. Rc2 Rd1+ 35. Ke2 Ra1 36. Kf3 Kf5 37. g4+ Ke6 38. h3 Kd5 39. Rd2+ 1/2-1/2

[Event "IECG CP.2005.P.00086"]
[Site "IECG email"]
[Date "2005.10.01"]
[Round "?"]
[White "Sevestre, Frederic"]
[Black "Cervinka, Michal"]
[Result "0-1"]
[WhiteElo "2032"]
[BlackElo "1936"]
[PlyCount "90"]
[EventDate "2005.10.01"]
[EventType "tourn (corr)"]
[EventRounds "6"]
[SourceTitle "Corr 2008"]
[Source "ChessBase"]
[SourceDate "2008.06.24"]
[SourceVersion "1"]
[SourceVersionDate "2008.06.24"]
[SourceQuality "1"]

1. e4 c6 2. d4 d5 3. e5 Bf5 4. Nc3 e6 5. g4 Bg6 6. Nge2 c5 7. h4 h5 8. Nf4 Bh7 9. Nxh5 Nc6 10. Bb5 cxd4 11. Qxd4 Nge7 12. Bg5 a6 13. Bxc6+ Nxc6 14. Qf4 Qa5 15. 0-0 Qb6 16. Na4 Qc7 17. Rfe1 Bg6 18. a3 b5 19. Nc3 Bxh5 20. gxh5 Rxh5 21. a4 b4 22. Nxd5 exd5 23. Qf3 Rh8 24. Qxd5 Qd7 25. Qf3 Qe6 26. Rad1 Rc8 27. Re4 Be7 28. Bxe7 Nxe7 29. Rd6 Qf5 30. Qd3 Rh6 31. Rxh6 gxh6 32. Rxb4 Qxe5 33. c3 Rc6 34. Re4 Qc5 35. Kf1 Rd6 36. Qe2 Qc7 37. b4 Qd7 38. h5 Kf8 39. c4 f5 40. Re3 Rd1+ 41. Kg2 Rd2 42. Qf3 Qd4 43. Re2 Qg7+ 44. Kf1 Rxe2 45. Qxe2 Qa1+ 0-1

[Event "CZE-chT2c 0405"]
[Site "Czech Republic"]
[Date "2005.03.20"]
[Round "10.2"]
[White "Cervinka, Michal"]
[Black "Juptner, Jan"]
[Result "0-1"]
[WhiteElo "2210"]
[BlackElo "2241"]
[PlyCount "116"]
[EventDate "2004.10.17"]
[EventType "team"]
[EventRounds "11"]
[EventCountry "CZE"]
[SourceTitle "EXT 2007"]
[Source "ChessBase"]
[SourceDate "2006.11.23"]
[SourceVersion "1"]
[SourceVersionDate "2006.11.23"]
[SourceQuality "1"]
[WhiteTeam "Rychnov nad Kneznou"]
[BlackTeam "Vrchlabi"]
[WhiteTeamCountry "CZE"]
[BlackTeamCountry "CZE"]

1. Nf3 d5 2. c4 e6 3. b3 Nf6 4. g3 Be7 5. Bg2 0-0 6. 0-0 b6 7. Bb2 Bb7 8. d4 dxc4 9. bxc4 c5 10. e3 Nc6 11. Nbd2 Qc7 12. Qb3 Rac8 13. Rfc1 Na5 14. Qc2 cxd4 15. exd4 b5 16. c5 Bd5 17. Bc3 Nc6 18. Re1 Rfd8 19. Rad1 Bf8 20. Nb3 a5 21. Nbd2 g6 22. Bf1 Rb8 23. Rb1 b4 24. Ba1 Bg7 25. Bc4 Nh5 26. Rbd1 Nf6 27. Bxd5 Rxd5 28. Nc4 Rbd8 29. Nb6 Rf5 30. Nh4 Rh5 31. Nc4 Ne8 32. Nf3 Rhd5 33. Ne3 R5d7 34. d5 exd5 35. Nxd5 Qb7 36. Bxg7 Kxg7 37. Qb2+ f6 38. Ng5 Rxd5 39. Ne6+ Kf7 40. Nxd8+ Rxd8 41. Qb3+ Kf8 42. Qe6 Qc8 43. Rxd8 Qxe6 44. Rxe6 Nxd8 45. Ra6 Ke7 46. Ra7+ Ke6 47. Rxh7 Nf7 48. Rh4 Nc7 49. Re4+ Ne5 50. f4 Kd5 51. Re2 Nc4 52. g4 Kxc5 53. h4 Nd5 54. Rf2 Nce3 55. g5 a4 56. f5 Nxf5 57. h5 fxg5 58. hxg6 Nde3 0-1

[Event "CZE-chT2c 0405"]
[Site "Czech Republic"]
[Date "2005.02.20"]
[Round "8.2"]
[White "Cervinka, Michal"]
[Black "Tichy, Vladimir"]
[Result "1-0"]
[WhiteElo "2210"]
[BlackElo "2284"]
[PlyCount "83"]
[EventDate "2004.10.17"]
[EventType "team"]
[EventRounds "11"]
[EventCountry "CZE"]
[SourceTitle "EXT 2007"]
[Source "ChessBase"]
[SourceDate "2006.11.23"]
[SourceVersion "1"]
[SourceVersionDate "2006.11.23"]
[SourceQuality "1"]
[WhiteTeam "Rychnov nad Kneznou"]
[BlackTeam "Mlada Boleslav"]
[WhiteTeamCountry "CZE"]
[BlackTeamCountry "CZE"]

1. Nf3 d5 2. c4 c6 3. b3 Bg4 4. Bb2 Bxf3 5. exf3 e6 6. g3 Nf6 7. Bg2 Nbd7 8. 0-0 Bd6 9. f4 0-0 10. d4 dxc4 11. bxc4 c5 12. d5 exd5 13. cxd5 b5 14. Nc3 a6 15. Qc2 c4 16. Ne4 Nxe4 17. Bxe4 Nf6 18. Bxf6 Qxf6 19. Bxh7+ Kh8 20. Be4 Rfc8 21. Rae1 a5 22. Re3 g6 23. Qe2 b4 24. h4 Kg7 25. Qg4 Kf8 26. f5 gxf5 27. Bxf5 Rc7 28. Rfe1 Re7 29. Rxe7 Bxe7 30. Bh7 Qg7 31. Qe4 Bd6 32. Kg2 b3 33. axb3 cxb3 34. Qf5 Rd8 35. h5 b2 36. g4 Be7 37. Qe4 Bb4 38. Re3 Bc5 39. Rf3 Rb8 40. Qb1 Qxg4+ 41. Rg3 Qf4 42. Qe1 1-0

[Event "CZE-chT2c 0405"]
[Site "Czech Republic"]
[Date "2004.11.21"]
[Round "3.3"]
[White "Kastner, Oldrich"]
[Black "Cervinka, Michal"]
[Result "0-1"]
[WhiteElo "2194"]
[BlackElo "2210"]
[PlyCount "74"]
[EventDate "2004.10.17"]
[EventType "team"]
[EventRounds "11"]
[EventCountry "CZE"]
[SourceTitle "EXT 2007"]
[Source "ChessBase"]
[SourceDate "2006.11.23"]
[SourceVersion "1"]
[SourceVersionDate "2006.11.23"]
[SourceQuality "1"]
[WhiteTeam "Synthesia II"]
[BlackTeam "Rychnov nad Kneznou"]
[WhiteTeamCountry "CZE"]
[BlackTeamCountry "CZE"]

1. e4 c6 2. Nc3 d5 3. Nf3 Bg4 4. h3 Bxf3 5. Qxf3 e6 6. exd5 cxd5 7. Bb5+ Nc6 8. 0-0 Nf6 9. Re1 Be7 10. d4 0-0 11. Qd3 Rc8 12. a3 Qb6 13. Be3 Na5 14. Bc1 a6 15. Ba4 Rc4 16. b3 Rcc8 17. Ne2 Qc7 18. b4 Nc4 19. c3 Bd6 20. Bc2 g6 21. Qf3 Nh5 22. Bh6 Rfe8 23. g4 Ng7 24. h4 Qd8 25. Bxg7 Kxg7 26. g5 Rh8 27. Kg2 h6 28. gxh6+ Rxh6 29. Rh1 Rxh4 30. Ng3 Rf4 31. Qd3 Qf6 32. f3 Qg5 33. Rh3 Rh4 34. Rah1 Rch8 35. f4 Bxf4 36. Rxh4 Rxh4 37. Rxh4 Ne3+ 0-1

[Event "CZE-chT2c 0405"]
[Site "Czech Republic"]
[Date "2004.10.17"]
[Round "1.2"]
[White "Cervinka, Michal"]
[Black "Bernard, Borek"]
[Result "1-0"]
[WhiteElo "2210"]
[BlackElo "2288"]
[PlyCount "151"]
[EventDate "2004.10.17"]
[EventType "team"]
[EventRounds "11"]
[EventCountry "CZE"]
[SourceTitle "EXT 2007"]
[Source "ChessBase"]
[SourceDate "2006.11.23"]
[SourceVersion "1"]
[SourceVersionDate "2006.11.23"]
[SourceQuality "1"]
[WhiteTeam "Rychnov nad Kneznou"]
[BlackTeam "AVE Kontakt"]
[WhiteTeamCountry "CZE"]
[BlackTeamCountry "CZE"]

1. Nf3 d6 2. g3 e5 3. Bg2 c6 4. 0-0 Be7 5. c4 Nf6 6. Nc3 0-0 7. c5 Bg4 8. cxd6 Qxd6 9. Qb3 Nbd7 10. d3 Nc5 11. Qa3 Qc7 12. Nb1 Nd5 13. Nc3 Nf6 14. Nb1 Ne6 15. Qa4 Bxf3 16. Bxf3 Nd4 17. Nd2 Rad8 18. a3 Nd7 19. b4 e4 20. dxe4 Ne5 21. Ra2 g5 22. Bh5 g4 23. Nb3 b5 24. Qa5 Qb7 25. Nc5 Qb6 26. Qxb6 axb6 27. Nd3 Nxe2+ 28. Rxe2 Rxd3 29. Bb2 Nc4 30. Bxg4 Nxb2 31. Rxb2 Rxa3 32. Rc1 c5 33. bxc5 Bxc5 34. Rxb5 Ra2 35. Rf1 Rd8 36. Rb3 Rdd2 37. Rf3 Kg7 38. e5 Be7 39. e6 f6 40. Bf5 Rd4 41. Re1 Ra5 42. g4 Rad5 43. Kg2 Rd1 44. Ree3 Rc1 45. Re2 Rc7 46. Rb3 b5 47. Ra2 b4 48. Ra8 Rd2 49. h4 h6 50. Rf3 Bc5 51. Rb8 Be7 52. h5 Rd4 53. Kh3 Rd8 54. Rb6 Rd6 55. Rb5 Rd2 56. Bg6 Rd8 57. Bf7 Ra7 58. Kg2 Rc7 59. Re3 Rc3 60. Rb7 Kf8 61. Rf3 Rxf3 62. Kxf3 Bd6 63. Rb6 Be7 64. Ke4 Rd2 65. f3 Re2+ 66. Kd3 Re3+ 67. Kd4 Re1 68. Rb8+ Kg7 69. Rg8+ Kh7 70. Re8 Bd6 71. Kd5 Rd1+ 72. Kc6 Kg7 73. Rg8+ Kh7 74. Rd8 b3 75. e7 b2 76. Bg6+ 1-0

[Event "IECG CP.2003.P.00046 email"]
[Site "IECG email"]
[Date "2003.10.01"]
[Round "?"]
[White "Cervinka, Michal"]
[Black "Hansen, Marc"]
[Result "1/2-1/2"]
[WhiteElo "1923"]
[BlackElo "2253"]
[PlyCount "47"]
[EventDate "2003.10.01"]
[EventType "tourn (corr)"]
[EventRounds "6"]
[EventCountry "GER"]
[SourceTitle "Corr 2008"]
[Source "ChessBase"]
[SourceDate "2008.06.24"]
[SourceVersion "1"]
[SourceVersionDate "2008.06.24"]
[SourceQuality "1"]

1. Nf3 c5 2. c4 Nf6 3. g3 d5 4. cxd5 Nxd5 5. Bg2 Nc6 6. Nc3 Nc7 7. 0-0 e5 8. d3 Be7 9. Nd2 Bd7 10. Nc4 f6 11. a4 0-0 12. f4 exf4 13. gxf4 f5 14. Ne5 Nxe5 15. fxe5 Rb8 16. e3 Be6 17. d4 cxd4 18. exd4 Bb4 19. Qd3 Qd7 20. Be3 Rbd8 21. Bxb7 Qf7 22. Ne2 Bc4 23. Qc2 Bb3 24. Qd3 1/2-1/2

[Event "IECG CP.2002.Q.00011 email"]
[Site "IECG email"]
[Date "2003.10.01"]
[Round "?"]
[White "Cervinka, Michal"]
[Black "McLeod, Sylvester"]
[Result "0-1"]
[WhiteElo "1923"]
[BlackElo "2014"]
[PlyCount "72"]
[EventDate "2003.10.01"]
[EventType "tourn (corr)"]
[EventRounds "10"]
[SourceTitle "Corr 2008"]
[Source "ChessBase"]
[SourceDate "2008.06.24"]
[SourceVersion "1"]
[SourceVersionDate "2008.06.24"]
[SourceQuality "1"]

1. c4 Nf6 2. g3 d6 3. Bg2 c5 4. Nc3 g6 5. Nf3 Nc6 6. 0-0 Bg7 7. d4 0-0 8. d5 Na5 9. Nd2 Bd7 10. Rb1 a6 11. b3 b5 12. Bb2 bxc4 13. bxc4 Bh6 14. f4 Ng4 15. Rf3 Bg7 16. e3 Rb8 17. Ba1 Qc7 18. Rxb8 Rxb8 19. h3 Nf6 20. e4 Nh5 21. Qe2 e5 22. Kh2 exf4 23. gxf4 f5 24. exf5 Bxf5 25. Qe1 Qd7 26. Qc1 Qe7 27. Nd1 Bxa1 28. Qxa1 Nxc4 29. Nxc4 Rb1 30. Qc3 Rxd1 31. Ne3 Rd4 32. Nxf5 gxf5 33. Qa3 Kg7 34. Qb3 a5 35. Re3 Qh4 36. Qb7+ Kg6 0-1

[Event "IECG CP.2003.P.00046 email"]
[Site "IECG email"]
[Date "2003.10.01"]
[Round "?"]
[White "Cervinka, Michal"]
[Black "Stenstrup, Claus"]
[Result "1-0"]
[WhiteElo "1923"]
[BlackElo "1428"]
[PlyCount "61"]
[EventDate "2003.10.01"]
[EventType "tourn (corr)"]
[EventRounds "6"]
[EventCountry "GER"]
[SourceTitle "Corr 2008"]
[Source "ChessBase"]
[SourceDate "2008.06.24"]
[SourceVersion "1"]
[SourceVersionDate "2008.06.24"]
[SourceQuality "1"]

1. g3 Nf6 2. Bg2 g6 3. b3 Bg7 4. Bb2 d6 5. d4 c6 6. Nf3 0-0 7. 0-0 Bg4 8. Nbd2 e6 9. e4 d5 10. e5 Nfd7 11. h3 Bxf3 12. Nxf3 a5 13. Ba3 Re8 14. c4 Na6 15. Bd6 Nc7 16. Qc2 Rc8 17. Rac1 Bh6 18. Nd2 Na6 19. f4 Bf8 20. Bxf8 Rxf8 21. Nf3 b5 22. Qe2 bxc4 23. bxc4 Nb6 24. cxd5 Nb8 25. d6 N8d7 26. Rc2 Nd5 27. Rb1 N7b6 28. Ng5 h6 29. Ne4 f5 30. Nc5 Rb8 31. Nxe6 1-0

[Event "IECG CP.2003.P.00046 email"]
[Site "IECG email"]
[Date "2003.10.01"]
[Round "?"]
[White "Cijs, Peter JG"]
[Black "Cervinka, Michal"]
[Result "1/2-1/2"]
[WhiteElo "2047"]
[BlackElo "1923"]
[PlyCount "164"]
[EventDate "2003.10.01"]
[EventType "tourn (corr)"]
[EventRounds "6"]
[EventCountry "GER"]
[SourceTitle "Corr 2008"]
[Source "ChessBase"]
[SourceDate "2008.06.24"]
[SourceVersion "1"]
[SourceVersionDate "2008.06.24"]
[SourceQuality "1"]

1. e4 d6 2. d4 Nf6 3. Nc3 g6 4. f4 Bg7 5. Nf3 0-0 6. Bd3 Na6 7. 0-0 c5 8. d5 Bg4 9. h3 Bxf3 10. Rxf3 Nc7 11. Ne2 b5 12. c3 e6 13. dxe6 fxe6 14. Be3 Qe7 15. Bc2 Rad8 16. a4 a6 17. b4 Nd7 18. axb5 axb5 19. Ra7 Nb8 20. Qe1 Nc6 21. Rb7 cxb4 22. cxb4 Rb8 23. Rxb8 Rxb8 24. Bb3 d5 25. Bc5 Qf7 26. Re3 Na6 27. exd5 exd5 28. Nc3 Naxb4 29. Nxd5 Nxd5 30. Qd2 Kh8 31. Bxd5 Qd7 32. Re6 Rd8 33. Rd6 Qf5 34. g4 Qb1+ 35. Kf2 Rxd6 36. Bxd6 Nd4 37. Be5 Qc2 38. Ke3 Qxd2+ 39. Kxd2 b4 40. Kd3 Nb5 41. Kc4 Bxe5 42. fxe5 Nc7 43. Bc6 Kg8 44. Kxb4 Kf7 45. Kc4 g5 46. Bd5+ Ke7 47. Kd4 Ne8 48. Ke4 Ng7 49. Bc4 h6 50. Kf3 Kf8 51. Ke3 Ke8 52. Bd3 Ne6 53. Bf1 Ng7 54. Be2 Kf7 55. Ke4 Ke6 56. Bb5 Kf7 57. Bc6 Ke7 58. Bd5 Kd7 59. Bf7 Ke7 60. Bg6 Ne6 61. Bf5 Nf4 62. h4 Nh3 63. h5 Nf4 64. Ke3 Kf7 65. Bc2 Ke6 66. Ke4 Ng2 67. Bb3+ Kd7 68. Kf3 Nf4 69. Bc4 Ke7 70. Bf1 Ne6 71. Ke4 Ng7 72. Bc4 Kd7 73. Bf7 Ke7 74. Bd5 Kd7 75. Kd4 Ke7 76. Kc5 Ne8 77. Bc4 Ng7 78. Kd4 Kd7 79. Ke3 Ke8 80. Bd5 Ke7 81. Kf3 Kd7 82. Bf7 Ke7 1/2-1/2

[Event "IECG CP.2002.Q.00011 email"]
[Site "IECG email"]
[Date "2003.10.01"]
[Round "?"]
[White "Dorer, Manfred"]
[Black "Cervinka, Michal"]
[Result "1/2-1/2"]
[WhiteElo "2277"]
[BlackElo "1923"]
[PlyCount "103"]
[EventDate "2003.10.01"]
[EventType "tourn (corr)"]
[EventRounds "10"]
[SourceTitle "Corr 2008"]
[Source "ChessBase"]
[SourceDate "2008.06.24"]
[SourceVersion "1"]
[SourceVersionDate "2008.06.24"]
[SourceQuality "1"]

1. e4 d6 2. d4 Nf6 3. Nc3 g6 4. f4 Bg7 5. Nf3 0-0 6. Bd3 Na6 7. 0-0 c5 8. d5 Bg4 9. Bc4 Nc7 10. h3 Bxf3 11. Qxf3 a6 12. a4 b6 13. Qd3 Qb8 14. Be3 Qb7 15. Rab1 e6 16. b4 exd5 17. exd5 cxb4 18. Rxb4 b5 19. axb5 axb5 20. Bb3 Ra5 21. f5 Qa6 22. Bd4 Ra1 23. Nb1 Qa5 24. Bxa1 Qxb4 25. Bb2 Qe4 26. Qxe4 Nxe4 27. f6 Bh6 28. Rf3 Re8 29. Bd4 b4 30. Ba4 Ra8 31. Bc6 Rb8 32. Ba7 Rc8 33. Bb6 Na6 34. g3 Nb8 35. Ba4 Bg5 36. Bd4 Rc4 37. Ba7 Rc8 38. Bd4 Nc5 39. Bb5 Nbd7 40. h4 Bh6 41. g4 Ne5 42. Bxe5 dxe5 43. g5 Bf8 44. Bc6 Rc7 45. Nd2 Ra7 46. Nc4 Ra1+ 47. Rf1 Ra2 48. Nxe5 Rxc2 49. d6 Bxd6 50. Ra1 Ne6 51. Ra8+ Nf8 52. Nxf7 1/2-1/2

[Event "IECG CP.2003.P.00046 email"]
[Site "IECG email"]
[Date "2003.10.01"]
[Round "?"]
[White "Evans, Ricky"]
[Black "Cervinka, Michal"]
[Result "0-1"]
[WhiteElo "1843"]
[BlackElo "1923"]
[PlyCount "74"]
[EventDate "2003.10.01"]
[EventType "tourn (corr)"]
[EventRounds "6"]
[EventCountry "GER"]
[SourceTitle "Corr 2008"]
[Source "ChessBase"]
[SourceDate "2008.06.24"]
[SourceVersion "1"]
[SourceVersionDate "2008.06.24"]
[SourceQuality "1"]

1. d4 d5 2. c4 c6 3. cxd5 cxd5 4. Nc3 e5 5. Nf3 e4 6. Ne5 f6 7. Qa4+ Nd7 8. Ng4 Kf7 9. Qb3 Nb6 10. h3 Be6 11. e3 Rc8 12. Be2 Bd6 13. Bd2 Ne7 14. Nb5 Bb8 15. Bb4 Nc6 16. Bc5 Nc4 17. Bxc4 dxc4 18. Qa3 Qd7 19. Qa4 f5 20. Nh2 a6 21. Nc3 Ne5 22. Qxd7+ Bxd7 23. 0-0 Nd3 24. Ba3 b5 25. Nd5 Be6 26. Nb4 a5 27. Nxd3 cxd3 28. Bc5 Bd5 29. f3 Ke6 30. a4 b4 31. fxe4 fxe4 32. Ng4 Rc6 33. h4 Bd6 34. Bxd6 Kxd6 35. Rac1 Rhc8 36. Rxc6+ Rxc6 37. Kh2 Rc2 0-1

[Event "CZE-ch U18/20"]
[Site "Luhacovice"]
[Date "2003.03.01"]
[Round "11"]
[White "Cervinka, Michal"]
[Black "Stehno, Pavel"]
[Result "1/2-1/2"]
[WhiteElo "2215"]
[BlackElo "2254"]
[PlyCount "89"]
[EventDate "2003.02.19"]
[EventType "tourn"]
[EventRounds "11"]
[EventCountry "CZE"]
[EventCategory "1"]
[SourceTitle "CBM 092 Extra"]
[Source "ChessBase"]
[SourceDate "2003.03.07"]
[SourceVersion "1"]
[SourceVersionDate "2003.03.07"]
[SourceQuality "1"]

1. Nf3 Nf6 2. c4 g6 3. b3 Bg7 4. Bb2 0-0 5. g3 d6 6. d4 Bf5 7. Bg2 c6 8. 0-0 Qc8 9. Re1 Bh6 10. Nfd2 Bh3 11. e4 Na6 12. Nf3 Nh5 13. Nh4 Bxg2 14. Kxg2 Bg5 15. Nf3 Bh6 16. Nc3 Nc7 17. e5 d5 18. Bc1 Bxc1 19. Rxc1 Qg4 20. Ng1 Qd7 21. Qd2 Ng7 22. Nf3 Nf5 23. c5 Kg7 24. Ne2 h5 25. Nf4 e6 26. h4 Rh8 27. a4 Rab8 28. b4 b5 29. cxb6 Rxb6 30. Nd3 Na6 31. Nc5 Nxc5 32. dxc5 Rb7 33. b5 Qc7 34. bxc6 Qxc6 35. Qg5 d4 36. Qf4 Re8 37. Re4 Rb4 38. g4 hxg4 39. Qxg4 Rh8 40. Kg1 Rxa4 41. Rf4 Rh5 42. Nxd4 Nxd4 43. Rxd4 Rxd4 44. Qxd4 Rf5 45. Rc3 1/2-1/2

[Event "CZE-ch U18/20"]
[Site "Luhacovice"]
[Date "2003.02.28"]
[Round "10"]
[White "Laznicka, Viktor"]
[Black "Cervinka, Michal"]
[Result "1-0"]
[WhiteElo "2348"]
[BlackElo "2215"]
[PlyCount "25"]
[EventDate "2003.02.19"]
[EventType "tourn"]
[EventRounds "11"]
[EventCountry "CZE"]
[EventCategory "1"]
[SourceTitle "CBM 092 Extra"]
[Source "ChessBase"]
[SourceDate "2003.03.07"]
[SourceVersion "1"]
[SourceVersionDate "2003.03.07"]
[SourceQuality "1"]

1. e4 c6 2. d4 d5 3. Nc3 dxe4 4. Nxe4 Bf5 5. Ng3 Bg6 6. Bc4 e6 7. N1e2 h6 8. Nf4 Bh7 9. 0-0 Nf6 10. Re1 Nd5 11. Qh5 Nxf4 12. Bxf4 Bg6 13. Rxe6+ 1-0

[Event "CZE-ch U18/20"]
[Site "Luhacovice"]
[Date "2003.02.24"]
[Round "6"]
[White "Vaculik, Martin"]
[Black "Cervinka, Michal"]
[Result "1-0"]
[WhiteElo "2248"]
[BlackElo "2215"]
[PlyCount "107"]
[EventDate "2003.02.19"]
[EventType "tourn"]
[EventRounds "11"]
[EventCountry "CZE"]
[EventCategory "1"]
[SourceTitle "CBM 092 Extra"]
[Source "ChessBase"]
[SourceDate "2003.03.07"]
[SourceVersion "1"]
[SourceVersionDate "2003.03.07"]
[SourceQuality "1"]

1. Nf3 Nf6 2. g3 d5 3. Bg2 Bf5 4. 0-0 e6 5. d3 Nbd7 6. Nbd2 h6 7. Re1 Bc5 8. e4 dxe4 9. dxe4 Bh7 10. h3 0-0 11. Qe2 a5 12. a4 Qe7 13. b3 Rfd8 14. Bb2 Bb4 15. Red1 Nb6 16. Kh2 Rac8 17. c3 Bc5 18. Ne5 Nfd7 19. Nd3 Qf8 20. b4 axb4 21. cxb4 Bxb4 22. Nxb4 Qxb4 23. Ba3 Qa5 24. Nb3 Qa6 25. Qxa6 bxa6 26. a5 Nc4 27. Be7 Re8 28. Rxd7 Ne5 29. Rad1 Nxd7 30. Rxd7 Rb8 31. Nd2 Rb2 32. Bd8 c5 33. Bb6 Rc8 34. Bxc5 f6 35. Bb6 Bg6 36. Nf1 Be8 37. Rd2 Rb4 38. Ne3 Bb5 39. Rc2 Rxc2 40. Nxc2 Rb2 41. Nd4 Bc4 42. Nc6 Bb5 43. e5 fxe5 44. Nb8 Bd3 45. Bb7 e4 46. Bxa6 h5 47. h4 g6 48. g4 hxg4 49. Kg3 Rb3 50. Kxg4 Kf7 51. Kf4 Bb1 52. Be2 Rb2 53. Bg4 Bd3 54. Nd7 1-0

[Event "CZE-ch U18/20"]
[Site "Luhacovice"]
[Date "2003.02.22"]
[Round "4"]
[White "Adamek, Jiri"]
[Black "Cervinka, Michal"]
[Result "0-1"]
[WhiteElo "2229"]
[BlackElo "2215"]
[PlyCount "122"]
[EventDate "2003.02.19"]
[EventType "tourn"]
[EventRounds "11"]
[EventCountry "CZE"]
[EventCategory "1"]
[SourceTitle "CBM 092 Extra"]
[Source "ChessBase"]
[SourceDate "2003.03.07"]
[SourceVersion "1"]
[SourceVersionDate "2003.03.07"]
[SourceQuality "1"]

1. e4 c6 2. d3 d5 3. Nd2 e5 4. Ngf3 Bd6 5. Qe2 Nf6 6. g3 0-0 7. Bg2 Nbd7 8. 0-0 Re8 9. b3 a5 10. a4 Qc7 11. Nb1 b6 12. Nfd2 Nc5 13. Nc3 Bb7 14. h3 Rad8 15. Re1 Ne6 16. Kh2 Nd4 17. Qd1 Bf8 18. Nf3 dxe4 19. Nxd4 Rxd4 20. Nxe4 Nxe4 21. Bxe4 g6 22. Bb2 Rdd8 23. Re2 f5 24. Bg2 e4 25. Qe1 Ba6 26. Re3 Bb4 27. c3 Bc5 28. d4 Bf8 29. Qb1 Bh6 30. Re1 Bd3 31. Qd1 c5 32. f4 Bg7 33. Bf1 Bxf1 34. Rxf1 cxd4 35. cxd4 Qd6 36. Qe2 Qb4 37. Rfd1 Qxb3 38. Rab1 Rc8 39. Ba1 Qxa4 40. Rd2 e3 41. Ra2 Qc6 42. Ra3 Qe4 43. Rd3 b5 44. Re1 Qd5 45. Rxe3 Rxe3 46. Qxe3 Rc2+ 47. Re2 Qa2 48. Rxc2 Qxc2+ 49. Kh1 Qe4+ 50. Qxe4 fxe4 51. Kg2 Kf7 52. Kf2 Ke6 53. d5+ Kf7 54. Bxg7 Kxg7 55. Ke3 Kf7 56. Kxe4 a4 57. Kd4 a3 58. Kc3 b4+ 59. Kb3 Ke7 60. g4 Kd6 61. f5 gxf5 0-1

[Event "CZE-chT2V 0203"]
[Site "Czech Republic"]
[Date "2003.??.??"]
[Round "2"]
[White "Cervinka, Michal"]
[Black "Vojta, Tomas"]
[Result "1-0"]
[WhiteElo "2215"]
[BlackElo "2244"]
[PlyCount "79"]
[EventDate "2002.10.??"]
[EventType "team"]
[EventRounds "11"]
[EventCountry "CZE"]
[SourceTitle "EXT 2007"]
[Source "ChessBase"]
[SourceDate "2006.11.23"]
[SourceVersion "1"]
[SourceVersionDate "2006.11.23"]
[SourceQuality "1"]
[WhiteTeam "Rychnov nad Kneznou"]
[BlackTeam "Vlasim"]
[WhiteTeamCountry "CZE"]
[BlackTeamCountry "CZE"]

1. Nf3 Nf6 2. g3 d5 3. Bg2 c6 4. 0-0 Bf5 5. d3 Nbd7 6. Nbd2 e6 7. b3 Qb6 8. Bb2 Be7 9. e4 dxe4 10. dxe4 Nxe4 11. Nc4 Qc7 12. Bxg7 Rg8 13. Bh6 Bf6 14. Bf4 e5 15. Nfxe5 Nxe5 16. Bxe4 Bxe4 17. Re1 Bd5 18. Nxe5 0-0-0 19. Ng4 Qxf4 20. gxf4 Bxa1 21. h3 h5 22. Qxa1 hxg4 23. h4 Bf3 24. Qc3 Rh8 25. Qf6 Rhe8 26. Rxe8 Rxe8 27. Kh2 Re1 28. f5 Rh1+ 29. Kg3 Bd1 30. Qxf7 Rh3+ 31. Kf4 Rh2 32. Qe6+ Kc7 33. Qe5+ Kc8 34. Kg5 Rxf2 35. Qd4 Rf1 36. Qd3 Re1 37. f6 Re5+ 38. Kf4 Rd5 39. f7 Rxd3 40. cxd3 1-0